[Event "Torino Province-ch"]
[Site "Torino"]
[Date "2016.02.16"]
[Round "4"]
[White "Tondo, Stefano"]
[Black "Parisi, Gianmario"]
[Result "0-1"]
[WhiteElo "1663"]
[BlackElo "1783"]
[PlyCount "110"]
[EventDate "2016.01.26"]
[EventType "swiss"]
[EventRounds "7"]
[EventCountry "ITA"]
[SourceTitle "EXT 2018"]
[Source "ChessBase"]
[SourceDate "2017.10.13"]
[SourceVersion "1"]
[SourceVersionDate "2017.10.13"]
[SourceQuality "1"]

1. d4 e6 2. e4 d5 3. Nc3 dxe4 4. Nxe4 Nd7 5. Nf3 Ngf6 6. Bg5 Be7 7. Ng3 b6 8. Bd3 Bb7 9. Qe2 c5 10. 0-0 0-0 11. Rad1 Qc7 12. Ne4 Rac8 13. Ne5 Rfe8 14. Nxf6+ Nxf6 15. dxc5 Qxc5 16. Bxf6 Bxf6 17. Nd7 Qg5 18. Nxf6+ Qxf6 19. c3 Red8 20. Be4 Qe7 21. Qf3 Bxe4 22. Qxe4 Rc7 23. Qe2 Rcd7 24. Rfe1 Kf8 25. Kf1 Rd5 26. Rxd5 Rxd5 27. Rd1 Qd6 28. Ke1 Ke7 29. g3 Rxd1+ 30. Qxd1 Qxd1+ 31. Kxd1 Kd6 32. Kd2 Kd5 33. Kd3 b5 34. b3 a5 35. c4+ bxc4+ 36. bxc4+ Kc5 37. f4 f6 38. h4 h5 39. Kc3 e5 40. Kd3 a4 41. a3 g6 42. fxe5 fxe5 43. Ke4 Kxc4 44. Kxe5 Kb3 45. Kf6 Kxa3 46. Kxg6 Kb4 47. Kxh5 a3 48. g4 a2 49. g5 a1Q 50. Kg6 Qh8 51. h5 Kc5 52. h6 Kd6 53. h7 Ke7 54. Kh6 Kf8 55. Kg6 Qg7+ 0-1